000 00396nam a2200145 a 4500
005 20140414093843.0
008 090422s19uu xx uuu eng d
050 _aDVD 791.43
_bMUC 2007
100 _aShakespeare, William
245 _aMuch a do about nothing /
_cWilliam Shakespeare.
440 _aThe Shakespeare Collection
650 _aMotion pictures.
942 _cAVM
999 _c109433
_d109433